000 00522nam a22001937a 4500
003 KOHA_MİRAKIL
005 20251209091440.0
008 251209b tu ||||| |||| 00| 0 tur d
020 _a9786258123258
040 _aTR-AnABB
_btur
_cTR-AnABB
041 _atur
082 _a100
_bULK 2020
100 1 _aÜlken, Hilmi Ziya,
245 1 0 _aFelsefeye giriş /
_cHilmi Ziya Ülken
260 _aAnkara :
_bDoğu Batı Yayınları,
_c2022
300 _a592 sayfa ;
_c24 cm
650 0 4 _aFelsefe
942 _2ddc
_cBK
999 _c9717
_d9717
900 _bGizem YORULMAZ